LIBRARY & INFORMATION CENTRE, KCAET, TAVANUR

ONLINE PUBLIC ACCESS CATALOGUE (OPAC)

Introduction to agricultural economics / (Record no. 1602)

MARC details
000 -LEADER
fixed length control field 00472cam a2200181ua 4500
003 - CONTROL NUMBER IDENTIFIER
control field OSt
008 - FIXED-LENGTH DATA ELEMENTS--GENERAL INFORMATION
fixed length control field 240222b |||||||| |||| 00| 0 eng d
020 ## - INTERNATIONAL STANDARD BOOK NUMBER
ISBN 0-02-977560-4
041 ## - LANGUAGE CODE
Language code of text/sound track or separate title eng
082 ## - DEWEY DECIMAL CLASSIFICATION NUMBER
Classification number 630.33
Item number EPP/IN
100 ## - MAIN ENTRY--AUTHOR NAME
Personal name Epp, Donald.J .
245 ## - TITLE STATEMENT
Title Introduction to agricultural economics /
250 ## - EDITION STATEMENT
Edition statement 1 /
260 ## - PUBLICATION, DISTRIBUTION, ETC. (IMPRINT)
Place of publication Newyork :
Name of publisher MacMillan and Company Limited ,
Year of publication 1981.
300 ## - PHYSICAL DESCRIPTION
Number of Pages 351 ; .
700 1# - ADDED ENTRY--PERSONAL NAME
Personal name Malore, John.W .
942 ## - ADDED ENTRY ELEMENTS (KOHA)
Koha item type Books
Holdings
Withdrawn status Lost status Damaged status Home library Current library Date acquired Full call number Accession Number Koha item type
      KAUAET KAUAET 07/04/2012 630.33 15915 Books
      KAUAET KAUAET 07/04/2012 630.33 PEN/AG 20803 Books
free website counter